Districts of Copenhagen - Statistics

General Stats
  • This quiz has been taken 70 times
  • The average score is 5 of 10
Answer Stats
Population District % Correct
71,891 Norrebro
88%
53,351 Vesterbro/ Kongens
88%
68,769 Osterbro
85%
26,223 Indre By/ Inner City
65%
46,161 Valby
65%
36,115 Vanlose
54%
40,033 Bispebjerg/ Nordvest
50%
49,705 Amager Ost/ Amager East
19%
66,971 Amager Vest/ West Amager
13%
39,588 Bronshoj-Husum
13%
No matching quizzes found
Score Distribution
Percent of People with Each Score
Percentile by Number Answered
Your Score History
You have not taken this quiz